Rajniti ke badalte ayam (Record no. 9344)

MARC details
000 -LEADER
fixed length control field 00456nam a2200169Ia 4500
020 ## - INTERNATIONAL STANDARD BOOK NUMBER
ISBN 9789384767877
082 ## - DEWEY DECIMAL CLASSIFICATION NUMBER
Classification number 320.011 RAI-R
100 ## - MAIN ENTRY--AUTHOR NAME
Personal name Roy, Ghanshyam
245 #0 - TITLE STATEMENT
Title Rajniti ke badalte ayam
260 ## - PUBLICATION, DISTRIBUTION, ETC. (IMPRINT)
Place of publication Patna
Name of publisher Janaki Prakashan
Year of publication 2017
300 ## - PHYSICAL DESCRIPTION
Number of Pages xxvi, 419p
650 ## - SUBJECT ADDED ENTRY--TOPICAL TERM
Topical Term Bhartiya rajniti me kshetriyabad
650 ## - SUBJECT ADDED ENTRY--TOPICAL TERM
Topical Term Chunav sudhar
Form subdivision Bhartiya chunav pranali
650 ## - SUBJECT ADDED ENTRY--TOPICAL TERM
Topical Term Rajniti evam bharstachar
650 ## - SUBJECT ADDED ENTRY--TOPICAL TERM
Topical Term Rajniti evam samaj
942 ## - ADDED ENTRY ELEMENTS (KOHA)
Koha item type Books
Holdings
Withdrawn status Lost status Damaged status Not for loan Home library Current library Date acquired Source of acquisition Bill Date Full call number Accession Number Price effective from Koha item type
        NASSDOC Library NASSDOC Library 26/03/2018 OP 2018-02-28 320.011 RAI-R 49876 18/04/2019 Books